1120 1059 1788 1504 1305 1893 1746 1080 1539 1527 1696 1019 1806 1705 1338 1302 1774 1092 1292 1004 1861 1502 1276 1538 1736 1850 1467 1272 1089 1546 1457 1886 1210 1792 1573 1100 1693 1039 1183 1784 1643 1350 1503 1383 1600 1019 1777 1288 1882 1489 1876 1889 1190 1537 1506 1293 1955 1258 1265 1049 1569 1922 1974 1332 1289 1310 1410 1734 1126 1975 1590 1781 1910 1001 1679 1040 1120 1594 1172 1949 1747 1627 1458 1758 1630 1217 1999 1765 1036 1084 1818 1964 1087 1031 1482 1721 1239 1386 1708 BCNSPRNW ULIB Ver.6.0+V

เปลี่ยนเป็นภาษาไทย

Change to English
 แสดงรายละเอียดบรรณานุกรม
  กลับหน้าหลัก

Brief Record : Get Marc (ISO 2709) : E-mail record : QR code < ปิดหน้าต่าง
LEADER : 00000nam 2200000uu 4500
001    13399120990
003     ULIB
008    121029s2549||||th 000 0 tha d
020    ^a9749713664
020    ^a9789749713662
050  4 ^aH61^bส263ส
100 0  ^aสมพงษ์ ดุลยอนุกิจ
245 10 ^aสังคมศาสตร์กับการพัฒนา /^cสมพงษ์ ดุลยอนุกิจ
250    ^aพิมพ์ครั้งที่ 1
260    ^aกรุงเทพฯ :^bโอเดียนสโตร์,^c2549
300    ^a231 หน้า ;^c24 ซม.
650  7 ^aการพัฒนาสังคม
650  7 ^aสังคมศาสตร์
945    ^p150^l0^i14890
945    ^p150^l0^i14851
995    ^aทศพร
999    ^aทศพร เกษรทอง
รายการนี้ยังไม่มีแท็ก
คุณยังไม่ได้ล็อกอิน คุณสามารถมีกิจกรรมร่วมกับเว็บไซต์ได้ แต่ต้องล็อกอินก่อน ::
  ล็อกอิน

รายการสื่อสารสนเทศ

ลำดับที่ ประเภท เลขเรียก/บาร์โค้ด สถานที่ สถานะ
1. วิทยาศาสตร์การแพทย์ และสุขภาพ
วิทยาศาสตร์การแพทย์ และสุขภาพ
H61 ส263ส ฉ.1 
  Barcode: 14890
ห้องสมุดวิทยาเขตสวรรค์ประชารักษ์
►หนังสือทั่วไป
บนชั้น
2. วิทยาศาสตร์การแพทย์ และสุขภาพ
วิทยาศาสตร์การแพทย์ และสุขภาพ
H61 ส263ส ฉ.2 
  Barcode: 14851
ห้องสมุดวิทยาเขตสวรรค์ประชารักษ์
►หนังสือทั่วไป
บนชั้น

รายการใกล้เคียง
    ผู้แต่ง [สมพงษ์ ดุลยอนุกิจ]

    หัวเรื่อง [การพัฒนาสังคม]
    หัวเรื่อง [สังคมศาสตร์]

BibComment


ยังไม่เคยถูกคอมเมนท์

คอมเมนท์ทรัพยากรรายการนี้
  คอมเมนท์: สังคมศาสตร์กับกา..


 Copyright 2026. Bcnsprnw @Library